Consumer behavior

Consumer Behavior explores how the examination and application of consumer behavior is central to the planning, development, and implementation of marketing strategies.

محفوظ في:
التفاصيل البيبلوغرافية
المؤلف الرئيسي: Schiffman, Leon G.
التنسيق: كتاب
اللغة:Undetermined
منشور في: Boston, Massachusetts Pearson 2015
الموضوعات:
الوسوم: إضافة وسم
لا توجد وسوم, كن أول من يضع وسما على هذه التسجيلة!
Thư viện lưu trữ: Trung tâm Học liệu Trường Đại học Cần Thơ
LEADER 00723nam a2200205Ia 4500
001 CTU_228300
008 210402s9999 xx 000 0 und d
020 |c 960000 
082 |a 658.8342 
082 |b S333 
100 |a Schiffman, Leon G. 
245 0 |a Consumer behavior 
245 0 |c Leon G. Schiffman, Joseph Wisenblit 
260 |a Boston, Massachusetts 
260 |b Pearson 
260 |c 2015 
520 |a Consumer Behavior explores how the examination and application of consumer behavior is central to the planning, development, and implementation of marketing strategies. 
650 |a Hành vi tiêu dùng,Consumer behavior 
910 |b nthai 
980 |a Trung tâm Học liệu Trường Đại học Cần Thơ